| 000 | 01761nam0a2200385 4500 | ||
|---|---|---|---|
| 001 | RU\NLR\BIBL_A\016366993 | ||
| 005 | 20230529104003.0 | ||
| 010 |
_a978-5-6048375-0-4 _9500 |
||
| 021 |
_aRU _bКН-П-23-024688 _9КН-П-23-2452 |
||
| 035 | _a(NLR Aleph) 016366993 | ||
| 035 | _a(RuMoRGB)011733057 | ||
| 090 |
_a13169964 _c13169964 |
||
| 100 | _a20230512d2023 k y0rusy50 ca | ||
| 101 | 0 | _arus | |
| 102 | _aRU | ||
| 105 | _ay|||z||||||z| | ||
| 181 | 1 |
_ai _baxxe |
|
| 182 | 1 | _an | |
| 200 | 1 |
_aГлобальная безопасность и международное право _eмонография _fА. А. Данельян, Е. Е. Гуляева _gДипломатическая академия МИД России |
|
| 203 |
_aТекст _bвизуальный _cнепосредственный |
||
| 210 |
_aМосква _cКвант Медиа _d2023 |
||
| 215 |
_a389 с. _cтабл. _d22 |
||
| 320 | _aБиблиогр.: с. 369-389 (188 назв.) и в подстроч. примеч. | ||
| 606 | 1 |
_aИнформационная безопасность _xОбеспечение _xМеждународно-правовые вопросы _2nlr_sh2 _3RU\NLR\AUTH\6601609180 |
|
| 606 | 1 |
_aБиологическая безопасность _2nlr_sh2 _3RU\NLR\AUTH\661457405 |
|
| 606 | 1 |
_aГенетическая инженерия _xПравовое регулирование _2nlr_sh2 _3RU\NLR\AUTH\661562169 |
|
| 686 | 1 | _aХ916.9 | |
| 686 | 1 | _aХ621.162 | |
| 686 | 1 | _aХ916.7 | |
| 700 | 1 |
_aДанельян _bА. А. _gАндрей Андреевич |
|
| 701 | 1 |
_aГуляева _bЕ. Е. _gЕлена Евгеньевна |
|
| 942 | _cBOOK | ||
| 980 | _aNB | ||